00343nam a2200145Ia 4500008004100000020001800041041000800059082001200067100001600079245002500095260003100120300000900151500001700160650002000177220803s9999 xx 000 0 und d a84-8236-086-8 aeng a729 LOR aLorente J B aIron : Artistic Iron aNew YorkbIdea Booksc1997 a117p aArchitecture aInterior Design